Pays avec réseau ferroviaire à grande vitesse - Statistiques

Statistiques générales
  • Ce quiz a été pris 415 fois
    398 depuis la dernière actualisation
  • Le résultat moyen est 21 sur 26
Statistiques - réponses
Longueur du système Réponses % Correct
3,300 km France
100%
31,000 km Chine
98%
3,240 km Espagne
98%
54.6 km États Unis
98%
3,045 km Allemagne
97%
845 km Russie
97%
1,191 km Italie
96%
2,765 km Japon
96%
1,377 km Royaume-Uni
95%
143 km Pologne
89%
92 km Suisse
87%
1,706 km Suède
86%
624 km Portugal
85%
103 km Norvège
84%
326 km Belgique
83%
944 km Finlande
81%
352 km Autriche
79%
175 km Pays-Bas
79%
1,104 km Corée du Sud
78%
1213 km Turquie
73%
65 km Danemark
71%
700 km Grèce
68%
186 km Maroc
52%
453 km Arabie Saoudite
48%
345 km Taïwan
35%
600 km Ouzbékistan
6%
Aucun quiz correspondant
Distribution des résultats
% des personnes avec chaque résultat
Percentile par nombre de réponses
Votre historique - résultats
Vous n’avez pas pris ce quiz depuis la dernière actualisation